000 00719nam a2200181Ia 4500
008 090124s9999 xx 000 0 und d
082 _b24324
100 _aदेशपांडे कृ. पं.
245 _a महाराष्ट्र दर्शन 6 स्त्री-दर्शन
250 _a0
260 _bअतुल प्रकाशन
_c1986
300 _a57
600 _aदेशपांडे कृ. पं.
630 _a महाराष्ट्र दर्शन 6 स्त्री-दर्शन
700 _aदेशपांडे कृ. पं.
730 _a महाराष्ट्र दर्शन 6 स्त्री-दर्शन
942 _cBOOK
999 _c92838
_d92838